Biggest Countries by Combined Area and Population - Statistics

General Stats
  • This quiz has been taken 32,760 times
    31,325 since last reset
  • The average score is 17 of 20
Answer Stats
Avg Country % Correct
2.5 China
99%
4 India
99%
5 Russia
99%
3.5 United States
99%
6 Brazil
97%
20 Canada
93%
12 Mexico
93%
9 Indonesia
90%
21.5 Argentina
88%
18.5 Nigeria
87%
19 Pakistan
86%
13 D. R. Congo
85%
21 Egypt
85%
24 South Africa
82%
21.5 Algeria
80%
17 Iran
80%
18 Ethiopia
73%
26.5 Colombia
70%
22 Sudan
66%
25.5 Tanzania
54%
No matching quizzes found
Score Distribution
Percent of People with Each Score
Percentile by Number Answered
Your Score History
You have not taken this quiz since the last reset